<?xml version="1.0" encoding="UTF-8"?>
<record
    xmlns:xsi="http://www.w3.org/2001/XMLSchema-instance"
    xsi:schemaLocation="http://www.loc.gov/MARC21/slim http://www.loc.gov/standards/marcxml/schema/MARC21slim.xsd"
    xmlns="http://www.loc.gov/MARC21/slim">

  <leader>00583nam a2200109Ia 4500</leader>
  <controlfield tag="008">180412s9999||||xx |||||||||||||| ||und||</controlfield>
  <datafield tag="040" ind1=" " ind2=" ">
    <subfield code="a">Ahmadu Bello University Library - Zaria</subfield>
  </datafield>
  <datafield tag="100" ind1=" " ind2=" ">
    <subfield code="a">P. Linskog, A Mando</subfield>
  </datafield>
  <datafield tag="245" ind1=" " ind2="4">
    <subfield code="a">The Relationship Between Research Institutes and NGOs in the Field of Soil Water Conservation in Burkina Faso.</subfield>
    <subfield code="c">INTERNATIONAL INSTITUTE FOR ENVIRONMENT AND DEVELOPMENT</subfield>
  </datafield>
  <datafield tag="260" ind1=" " ind2=" ">
    <subfield code="b">IIED, London</subfield>
    <subfield code="c">1992</subfield>
  </datafield>
  <datafield tag="300" ind1=" " ind2=" ">
    <subfield code="a">17p</subfield>
  </datafield>
  <datafield tag="500" ind1=" " ind2=" ">
    <subfield code="a">The relationship between research institutes and NGOs in the field of soil water conservation in Burkina Faso / P. Lindskog, A. Mando .- London: IIED; 1992.</subfield>
  </datafield>
  <datafield tag="999" ind1=" " ind2=" ">
    <subfield code="c">6235</subfield>
    <subfield code="d">6235</subfield>
  </datafield>
</record>
